VSŽ Košice
Z obsahu: Ceny ocele ozdraveniu VSŽ nepriali. Košice chcú ťažiť najmä z oživenia priemyslu v troch susedných krajinách. Slovenská huta bude v portfóliu U.S. Steelu najväčšou neamerickou firmou. Štát z privatizácie VSŽ nezískal ani korunu.
Guardado en:
| Autor principal: | |
|---|---|
| Otros Autores: | |
| Formato: | Capítulo de libro |
| Lenguaje: | eslovaco |
| Materias: | |
| Etiquetas: |
Sin Etiquetas, Sea el primero en etiquetar este registro!
|
MARC
| LEADER | 00000naa a2200000 4500 | ||
|---|---|---|---|
| 001 | r039628 | ||
| 005 | 20230921110354.1 | ||
| 041 | 0 | |a slo | |
| 044 | |a SK | ||
| 245 | 1 | 0 | |a VSŽ Košice |c Gabriel Beer, Konštantín Čikovský |
| 520 | |a Z obsahu: Ceny ocele ozdraveniu VSŽ nepriali. Košice chcú ťažiť najmä z oživenia priemyslu v troch susedných krajinách. Slovenská huta bude v portfóliu U.S. Steelu najväčšou neamerickou firmou. Štát z privatizácie VSŽ nezískal ani korunu. | ||
| 610 | 2 | 0 | |a hutníctvo |
| 610 | 2 | 0 | |a oceľ |
| 610 | 2 | 0 | |a ceny |
| 610 | 2 | 0 | |a predaj |
| 610 | 2 | 0 | |a tržby |
| 610 | 2 | 0 | |a zisk |
| 610 | 2 | 0 | |a počet pracovníkov |
| 610 | 2 | 0 | |a investície zahraničné |
| 610 | 2 | 0 | |a hospodárenie podnikové |
| 610 | 2 | 0 | |a VSŽ, a.s. Košice |
| 100 | 1 | |a Beer, Gabriel | |
| 700 | 1 | |a Čikovský, Konštantín | |